000 00249nam a2200109Ia 4500
008 190216s9999||||xx |||||||||||||| ||und||
100 _aLaptev
245 0 _aEconomic Law
260 _b"Progress Publishers, Moscow"
650 _aEconomics
942 _cBK
999 _c9788
_d9788